Statistics for A - Z (Harry Potter)

Click here to take the quiz!

General Stats

  • This quiz has been taken 46 times
  • The average score is 20 of 26

Answer Stats

HintAnswer% Correct
DA SlytherinDraco Malfoy
95%
OWand ShopOllivanders
95%
RHogwarts HouseRavenclaw
95%
VThe Dark LordVoldemort
95%
WBill, Charlie Percy etc.Weasley
95%
HKeeper of Keys and GroundsHagrid
92%
A_____ "Mad Eye" MoodyAlastor
89%
CTriwizard ChampionCedric Diggory
89%
KQuidditch PositionKeeper
89%
SHarry Potter's GodfatherSirius Black
89%
G2nd Year DADA TeacherGilderoy Lockhart
87%
MA Non Magical FolkMuggle
84%
YA Formal BallYule Ball
84%
IDurmstrang HeadmasterIgor Karkaroff
82%
EDeathly HallowElder Wand
79%
XLuna Lovegood's FatherXenophilius
76%
FPhoenixFawkes
74%
QQuidditch BallQuaffle
71%
UAvada Kedavra, Imperio & CrucioUnforgivable Curses
66%
JMoony, Wormtail, Padfoot & PRONGSJames Potter
61%
ZTricks and Jokes ShopZonkos
61%
LA HorcruxLocket
58%
TA Magical Object that was used in Prisoner of AzkabanTime Turner
58%
BAuthor of A History of Magic, and the great aunt of Gellert GrindelwaldBathilda Bagshot
55%
NBreed of DragonNorwegian Ridgeback
55%
PThe "Three Brothers" SurnamePeverell
45%

Score Distribution

Percentile by Number Answered

Percent of People with Each Score

Your Score History

You have not taken this quiz